[Event "EU Amateur-ch"]
[Site "Ruzomberok"]
[Date "2016.06.06"]
[Round "1"]
[White "Hafinak, Vladimir"]
[Black "Maruskin, Jan"]
[Result "1-0"]
[WhiteElo "1820"]
[BlackElo "1531"]
[PlyCount "61"]
[EventDate "2016.06.06"]
[EventType "swiss"]
[EventRounds "9"]
[EventCountry "SVK"]
[SourceTitle "CBM 172 Extra"]
[Source "ChessBase"]
[SourceDate "2016.06.21"]
[SourceVersion "1"]
[SourceVersionDate "2016.06.21"]
[SourceQuality "1"]

1. e4 d6 2. d4 Nf6 3. Nc3 g6 4. f4 e6 5. Nf3 Bg7 6. Bd3 0-0 7. h4 h5 8. Be3 Ng4 9. Qd2 Nc6 10. 0-0-0 a6 11. Be2 b5 12. e5 d5 13. Ng1 Nxe3 14. Qxe3 Na5 15. g4 b4 16. Na4 Nc4 17. Qg3 Bd7 18. Nc5 hxg4 19. Bxg4 a5 20. h5 Re8 21. hxg6 fxg6 22. Nf3 Ne3 23. Rdg1 a4 24. Nh4 Nxg4 25. Qxg4 b3 26. a3 Qe7 27. Nxg6 Qf7 28. Nh8 Qe7 29. Qg6 Bb5 30. Rh7 Rf8 31. Rxg7+ 1-0

[Event "SVK-chT2 9798"]
[Site "Slovakia"]
[Date "1998.??.??"]
[Round "?"]
[White "Marcek, F."]
[Black "Maruskin, Jan"]
[Result "1-0"]
[WhiteElo "1880"]
[BlackElo "1775"]
[PlyCount "79"]
[EventDate "1997.??.??"]
[EventType "team"]
[EventRounds "11"]
[EventCountry "SVK"]
[SourceTitle "EXT 2003"]
[Source "ChessBase"]
[SourceDate "2002.11.25"]
[SourceVersion "1"]
[SourceVersionDate "2002.11.25"]
[SourceQuality "1"]

1. e4 c5 2. Nf3 Nc6 3. d4 cxd4 4. Nxd4 g6 5. Be3 Bg7 6. Nc3 Nf6 7. Bc4 0-0 8. Bb3 Na5 9. e5 Ne8 10. Bxf7+ Rxf7 11. Ne6 Nc6 12. Nxd8 Nxd8 13. f4 e6 14. Qd2 b6 15. 0-0-0 Bb7 16. h4 h5 17. Rhg1 Bf8 18. Qe2 d5 19. g4 hxg4 20. Qxg4 Rg7 21. h5 gxh5 22. Qxh5 Nf7 23. Ne2 Rd8 24. Nd4 Bc8 25. Rxg7+ Bxg7 26. Qg6 Nh8 27. Qg5 Nf7 28. Qh4 Bd7 29. Rg1 Kf8 30. Rg6 Nc7 31. Qg4 Ne8 32. Nxe6+ Bxe6 33. Qxe6 d4 34. Bd2 Nc7 35. Bb4+ Kg8 36. Qf6 Ne8 37. e6 Nxf6 38. Be7 Re8 39. Bxf6 Kf8 40. Bxg7+ 1-0